| 000 | 00684nmc a2200253 a 4500 | ||
|---|---|---|---|
| 003 | AR-BaBNM | ||
| 005 | 20251128211314.0 | ||
| 008 | 123120s1985 ||||||||||||||000 | spa|| | ||
| 020 | _a950-10-0149-0 | ||
| 040 | _cAR-BaBNM | ||
| 100 | 1 | _aKedinger, Enrique | |
| 245 | 1 | 0 | _aLa conspiración de Borges |
| 260 |
_aBuenos Aires _bAbril _c1985 |
||
| 300 | _a218 p. | ||
| 490 | 0 |
_aColección Latinoamérica viva. Autores y temas de América Latina _vv. 6 |
|
| 600 | 1 | 4 | _aBorges, Jorge Luis |
| 650 | 4 | _aLITERATURA ARGENTINA | |
| 650 | 4 | _aLITERATURA CONTEMPORANEA | |
| 653 | _aNARRATIVA | ||
| 655 | _aLITERATURA | ||
| 800 | 1 | _aMedina, Enrique | |
| 942 | _cBK | ||
| 998 | _cmartin | ||
| 999 |
_c19079 _d19079 |
||